| 000 | 00374nam a2200157 4500 | ||
|---|---|---|---|
| 003 | OSt | ||
| 008 | 250128b |||||||| |||| 00| 0 eng d | ||
| 082 |
_a621.381 _bKAD |
||
| 100 | _aKARIM, Mohammad A. | ||
| 245 | _aDigital Design Basic Concept & Principles | ||
| 250 | _aRep | ||
| 260 |
_aNew Delhi _bCRC Press _c2010 |
||
| 300 | _a490 | ||
| 650 | _aECE | ||
| 942 |
_2ddc _cBK |
||
| 999 |
_c13036 _d13036 |
||